[Event "Bad Woerishofen op"]
[Site "Bad Woerishofen"]
[Date "2001.??.??"]
[Round "6"]
[White "Wissinger, Peter"]
[Black "Peschel, Andreas"]
[Result "0-1"]
[WhiteElo "1965"]
[BlackElo "2177"]
[Annotator "ChessOrg"]
[PlyCount "98"]
[EventDate "1998.03.05"]
[Source "ChessBase"]
[SourceDate "1998.04.29"]

1. Nf3 {A37: Englische Eroeffnung (Symmetrische Variante)} 1... g6 2. c4 Bg7 3.
g3 e5 4. Nc3 d6 5. Bg2 c5 6. O-O Nc6 7. d3 Nge7 8. e4 {letzter Buchzug} 8...
O-O 9. Be3 h6 10. Qd2 Kh7 11. Nd5 Nxd5 (11... f5 12. Ne1 $15) 12. cxd5 Ne7 (
12... Nd4 13. Ne1 $15) 13. Ne1 g5 14. f4 gxf4 15. gxf4 exf4 16. Bxf4 Ng6 17.
Be3 f5 18. Kh1 Nh4 19. Rb1 Nxg2 (19... a5 20. Rc1 $15) 20. Nxg2 fxe4 21. dxe4
Rxf1+ 22. Rxf1 Bh3 23. Rf7 (23. Rf3 23... Qd7 $11) 23... Qe8 $15 24. Rf4 Qe5
25. Rh4 Bxg2+ 26. Qxg2 Rg8 27. Qg5 Qxe4+ (27... Qxb2 $4 28. Rxh6+ Bxh6 29.
Qxh6#) 28. Rxe4 hxg5 29. Re7 Kg6 30. Re6+ Kf5 31. Rxd6 Be5 (31... Re8 32. Re6
Rd8 33. Re7 $17) 32. Rd7 $11 32... Rh8 33. Bg1 Ke4 34. Kg2 (34. Rxb7 Kxd5 35.
Rd7+ Ke4 36. Rxa7 36... c4 $11) 34... c4 35. Rxb7 Kxd5 36. h3 Rb8 37. Rxb8 Bxb8
38. Be3 (38. Kf3 38... Be5 $11) 38... Be5 $15 39. b3 (39. Kf3 $5 $15 $142)
39... c3 $17 40. Bxg5 Ke4 41. Bc1 Bf4 42. Ba3 c2 43. h4 c1=Q 44. Bxc1 Bxc1 45.
h5 (45. Kg3 $5 $17) 45... a5 46. Kf2 Kd3 (46... Kf5 47. Kf3 $19) 47. Kf3 Bh6
48. Kf2 Kc3 49. Ke2 Bg5 (49... Bg5 50. Kf3 50... Kb2 $19) 0-1

[Event "Bad Woerishofen op"]
[Site "Bad Woerishofen"]
[Date "2001.??.??"]
[Round "8"]
[White "Wissinger, Peter"]
[Black "Huber, Stefan"]
[Result "0-1"]
[WhiteElo "1965"]
[BlackElo "2147"]
[Annotator "ChessOrg"]
[PlyCount "38"]
[EventDate "1998.03.05"]
[Source "ChessBase"]
[SourceDate "1998.04.29"]

1. Nf3 {B00: Damenfianchetto, Nimzowitsch-Verteidigung} 1... Nc6 2. e4 d6 3. d4
Bg4 4. Be2 {letzter Buchzug} 4... g6 5. Be3 Bg7 6. h3 Bxf3 7. Bxf3 e5 8. c3
exd4 9. cxd4 Qf6 10. e5 (10. Qb3 $5 10... Rb8 11. Qc3 $11) 10... dxe5 $15 11.
d5 Nd4 12. Qa4+ (12. Bxd4 $5 12... exd4 13. Qa4+ Kd8 14. O-O $17) 12... b5 $19
13. Qa5 (13. Qd1 $5 13... Nxf3+ 14. gxf3 $17) 13... Nc2+ 14. Ke2 14... Nxe3 $4
(14... e4 15. Bxe4 Qxb2 (15... Nxa1 $6 16. Nc3 $15) 16. Bxc2 Qxc2+ (16... Qxa1
$6 17. Qxb5+ Kf8 18. Qb7 $15) 17. Nd2 Bxa1 18. Rxa1 18... a6 $17) 15. Qxb5+ $11
15... Kf8 16. fxe3 $2 (16. Kxe3 e4 17. Bxe4 Qd4+ 18. Kf3 Qxb2 19. Qxb2 Bxb2 20.
d6 $19) 16... e4 $1 $17 17. Qc5+ (17. Bxe4 a6) 17... Qd6 18. Qxd6+ cxd6 19.
Bxe4 Bxb2 (19... Bxb2 20. Nd2 Bxa1 21. Rxa1 21... f5 $19) 0-1

[Event "Bad Woerishofen op"]
[Site "?"]
[Date "2001.??.??"]
[Round "1"]
[White "Wittfoth, Kai-Uwe"]
[Black "Tschirky, Werner"]
[Result "1-0"]
[WhiteElo "2141"]
[BlackElo "1627"]
[Annotator "ChessOrg"]
[PlyCount "71"]
[EventDate "2000.??.??"]

1. d4 {A48: Koenigsindisch (ohne c2-c4)} 1... Nf6 2. Nf3 g6 3. Bf4 d6 4. Nbd2
Bg7 5. h3 b6 6. e3 O-O 7. c3 Bb7 8. Bc4 {letzter Buchzug} 8... Bd5 9. O-O Bxc4
10. Nxc4 Nbd7 11. a4 a5 12. Bh2 h6 13. b4 Ne4 14. Qd3 d5 15. Nce5 Nxe5 16. Nxe5
Bxe5 17. dxe5 Ng5 (17... c5 $5 18. f3 18... c4 $14) 18. Bf4 $16 18... Kg7 19.
Bxg5 hxg5 20. b5 e6 21. Rfd1 (21. c4 21... Rh8 $14) 21... Qe7 (21... g4 22. e4
$11) 22. e4 $14 22... Rad8 23. Qf3 dxe4 24. Qxe4 Rxd1+ (24... Qc5 25. c4 $14)
25. Rxd1 Rd8 26. Re1 Qc5 27. Qf3 Rd2 28. Qf6+ (28. Re4 $5 $14) 28... Kg8 $11
29. Re3 Rd1+ (29... Qc4 $5 $11) 30. Kh2 $14 30... Qa3 31. Rf3 Rd7 32. Qxg5 Qxa4
33. h4 33... Qa3 $2 (33... Qe4 $142 34. Qf6 34... a4 $14) 34. h5 $18 34... Qe7
$4 (34... Qf8 $18 $142) 35. Rf6 Kg7 (35... Qxf6 36. Qxf6 36... gxh5 $18) 36.
hxg6 (36. hxg6 fxg6 37. Rxg6+ Kf7 38. Rg7+ Ke8 39. Qg6+ Kd8 40. Rg8+ Qf8 41.
Rxf8+ Ke7 42. Qf6#) 1-0

[Event "Bad Woerishofen op"]
[Site "Bad Woerishofen"]
[Date "2001.??.??"]
[Round "3"]
[White "Wittfoth, Kai-Uwe"]
[Black "Schwalfenberg, Joerg"]
[Result "1/2-1/2"]
[WhiteElo "2141"]
[BlackElo "2357"]
[Annotator "ChessOrg"]
[PlyCount "100"]
[EventDate "1998.03.05"]
[Source "ChessBase"]
[SourceDate "1998.04.29"]

1. d4 {D00: Damenbauernspiele} 1... d5 2. Bg5 c6 3. e3 Qb6 4. b3 Bf5 5. Bd3
5... Bg6 {letzter Buchzug} 6. Nf3 Nd7 7. O-O e6 8. Bxg6 hxg6 9. c4 Ngf6 10.
Nbd2 Be7 11. Qc2 Rh5 12. Bf4 Kf8 13. e4 dxe4 14. Nxe4 Nxe4 15. Qxe4 Rd8 16.
Rad1 Qa5 17. Qe2 Qf5 18. Bc7 Rc8 19. Bg3 Nf6 20. Ne5 Rd8 21. Qd3 Qxd3 22. Rxd3
Ne4 23. Rfd1 Bb4 24. Kf1 Ke7 25. Nf3 g5 26. Bc7 Rc8 27. g4 Rhh8 28. Bg3 Rcd8
29. d5 Nxg3+ 30. hxg3 (30. fxg3 exd5 31. cxd5 cxd5 32. Rxd5 32... f6 $11) 30...
cxd5 $15 31. cxd5 Rh1+ 32. Ke2 Rxd1 33. Rxd1 Rxd5 34. Rxd5 exd5 35. Nxg5 f6 36.
Nf3 Bc5 37. Ne1 Ke6 38. Nd3 Bd6 39. Ke3 g5 (39... a5 40. f4 $15) 40. Kf3 (40.
b4 40... b6 $11) 40... b6 41. Ke3 Bc5+ 42. Kf3 Bd4 43. Ke2 Kd6 44. Kf3 b5 45.
Kg2 Bc3 46. Kf3 a5 47. Kg2 d4 48. Kf3 Kd5 49. Ke2 a4 50. f3 axb3 1/2-1/2

[Event "Bad Woerishofen op"]
[Site "Bad Woerishofen"]
[Date "2001.??.??"]
[Round "5"]
[White "Wittfoth, Kai-Uwe"]
[Black "Grathwohl, Roland"]
[Result "1/2-1/2"]
[WhiteElo "2141"]
[BlackElo "2283"]
[Annotator "ChessOrg"]
[PlyCount "58"]
[EventDate "1998.03.05"]
[Source "ChessBase"]
[SourceDate "1998.04.29"]

1. d4 {A47: Damenindisch (ohne c2-c4)} 1... Nf6 2. Nf3 b6 3. Bf4 e6 4. e3 Bb7
5. Nbd2 Be7 6. h3 O-O 7. c3 c5 8. Bd3 8... d6 {letzter Buchzug} 9. Qe2 cxd4 10.
exd4 Nbd7 11. O-O Re8 12. Bh2 Bf8 13. Rad1 a6 14. Ne4 (14. Rfe1 14... Be7 $14)
14... Qc7 (14... Bxe4 15. Bxe4 Nxe4 16. Qxe4 $11) 15. Nfd2 Qc6 16. f3 b5 17. a3
e5 18. Nxf6+ (18. dxe5 dxe5 19. b4 19... Nd5 $11) 18... Nxf6 19. dxe5 dxe5 20.
Ne4 Nd5 21. Kh1 Qh6 22. Rfe1 Nf4 23. Qf1 Rad8 24. Nf2 Nxd3 25. Rxd3 Rxd3 26.
Qxd3 Qh4 27. Qe2 Qa4 28. Qd2 (28. Bxe5 $2 28... f6 29. f4 fxe5 30. fxe5 30...
Qf4 $19) 28... Qa5 (28... f6 $5 $11) 29. Bxe5 $16 29... Qa4 1/2-1/2

[Event "Bad Woerishofen op"]
[Site "Bad Woerishofen"]
[Date "2001.??.??"]
[Round "7"]
[White "Wittfoth, Kai-Uwe"]
[Black "Mukic, Joschko"]
[Result "1-0"]
[WhiteElo "2141"]
[BlackElo "2263"]
[Annotator "ChessOrg"]
[PlyCount "41"]
[EventDate "1998.03.05"]
[Source "ChessBase"]
[SourceDate "1998.04.29"]

1. d4 {D13: Damengambit (Slawische Verteidigung, Abtauschvariante)} 1... Nf6 2.
Nf3 d5 3. c4 c6 4. cxd5 cxd5 5. Nc3 Nc6 6. Bf4 Qb6 7. Qb3 7... e6 {
letzter Buchzug} 8. e3 (8. Qxb6 axb6 9. e3 9... Bb4 $11) 8... Bb4 9. Bd3 Bd7
10. O-O O-O (10... Nh5 11. Bg5 $11) 11. Ne5 Nxe5 12. Bxe5 Bc6 13. Qc2 Rac8 (
13... Kh8 14. Bxf6 gxf6 15. Rfc1 $14) 14. Bxf6 $16 14... gxf6 15. Bxh7+ Kg7 16.
Bd3 Rh8 17. f4 17... e5 $4 (17... Rh4 $16 $142) 18. fxe5 $18 18... fxe5 (18...
Be7 19. Qd1 Rc7 20. Qf3 $18) 19. Qf2 Rh6 (19... Be8 20. Nxd5 Qd6 21. Qg3+ Kf8
22. Nxb4 Qxb4 23. Qxe5 23... Rh6 $18) 20. Qxf7+ Kh8 21. Rf6 (21. Rf6 Be8 22.
Rxb6 Bxf7 23. Rxh6+ Kg8 24. dxe5 $18) 1-0

[Event "Bad Woerishofen op"]
[Site "Bad Woerishofen"]
[Date "2001.??.??"]
[Round "8"]
[White "Wittfoth, Kai-Uwe"]
[Black "Graf, Christian"]
[Result "1/2-1/2"]
[WhiteElo "2141"]
[BlackElo "2291"]
[Annotator "ChessOrg"]
[PlyCount "30"]
[EventDate "1998.03.05"]
[Source "ChessBase"]
[SourceDate "1998.04.29"]

1. d4 {D00: Damenbauernspiele} 1... d5 2. Bg5 h6 3. Bh4 c6 4. e3 Qb6 5. b3 Bf5
6. Bd3 Bxd3 7. Qxd3 e6 8. Nf3 Nd7 9. O-O Be7 10. Bxe7 Nxe7 11. c4 O-O 12. Nbd2
{letzter Buchzug} 12... c5 13. e4 cxd4 14. cxd5 exd5 15. Qxd4 Qxd4 1/2-1/2

[Event "Bad Woerishofen op"]
[Site "?"]
[Date "2001.??.??"]
[Round "1"]
[White "Woerl, Richard"]
[Black "Graf, Alexander"]
[Result "0-1"]
[WhiteElo "2088"]
[BlackElo "2649"]
[Annotator "ChessOrg"]
[PlyCount "68"]
[EventDate "2000.??.??"]

1. e4 {B22: Sizilianisch (Alapin 2.c3)} 1... c5 2. c3 Nf6 3. e5 Nd5 4. Bc4 Nb6
5. Bb3 d6 6. Nf3 6... c4 {letzter Buchzug} 7. Ba4+ Nc6 8. Nd4 Nxa4 9. Qxa4 Bd7
10. e6 fxe6 11. Qxc4 Rc8 12. O-O e5 13. Ne6 Qb6 14. Ng5 Nd8 15. Qh4 g6 16. d4 (
16. Nxh7 $2 16... Nf7 $19) 16... exd4 17. cxd4 (17. Re1 17... Nc6 $15) 17...
Bg7 $17 18. Be3 (18. Nf3 $5 $17) 18... Qxb2 19. Nd2 Bf5 20. Nge4 d5 (20... Bxd4
21. Nxd6+ exd6 22. Bxd4 $16) 21. Nc5 Bf6 22. Qh6 22... Rxc5 $1 23. dxc5 d4 (
23... Qxa1 $6 24. Rxa1 Bxa1 25. Qf4 $11) 24. Nc4 Qb4 25. Bg5 $2 (25. Rac1 dxe3
26. Qxe3 $19) 25... Nf7 (25... Qxc4 $6 26. Bxf6 exf6 27. Qg7 $19) 26. Nd6+ (26.
Bd2 Qxc4 (26... Nxh6 $6 27. Bxb4 Bd3 28. Rfc1 $11) 27. Qf4 27... O-O $19) 26...
exd6 27. Rfe1+ Kd7 28. Re7+ (28. c6+ bxc6 29. Bxf6 Nxh6 30. Re7+ Kc8 31. Bxh8
$19) 28... Kxe7 29. Bxf6+ Kxf6 30. Qh4+ g5 31. Qh5 Re8 32. h4 (32. Qd1 dxc5 33.
a3 $19) 32... Re1+ 33. Rxe1 Qxe1+ 34. Kh2 g4 (34... g4 35. Qxf5+ Kxf5 36. c6
bxc6 37. a3 Qxf2 38. a4 g3+ 39. Kh3 Qf4 40. a5 Qg4#) 0-1

[Event "Bad Woerishofen op"]
[Site "Bad Woerishofen"]
[Date "2001.??.??"]
[Round "3"]
[White "Woerl, Richard"]
[Black "Giddins, Stephen"]
[Result "1/2-1/2"]
[WhiteElo "2088"]
[BlackElo "2290"]
[Annotator "ChessOrg"]
[PlyCount "28"]
[EventDate "1998.03.05"]
[Source "ChessBase"]
[SourceDate "1998.04.29"]

1. e4 {C01: Franzoesische Verteidigung (Abtauschvariante)} 1... e6 2. d4 d5 3.
exd5 exd5 4. Bd3 Nc6 5. c3 Bd6 6. Ne2 Nge7 7. Bf4 7... Bg4 {letzter Buchzug} 8.
f3 Bf5 9. Qc2 Bxd3 10. Qxd3 Bxf4 11. Nxf4 Qd6 12. Qd2 O-O 13. O-O Rfe8 14. Na3
Qh6 1/2-1/2

[Event "Bad Woerishofen op"]
[Site "Bad Woerishofen"]
[Date "2001.??.??"]
[Round "5"]
[White "Woerl, Richard"]
[Black "Abhau, Jochen"]
[Result "0-1"]
[WhiteElo "2088"]
[BlackElo "2282"]
[Annotator "ChessOrg"]
[PlyCount "46"]
[EventDate "1998.03.05"]
[Source "ChessBase"]
[SourceDate "1998.04.29"]

1. e4 {C01: Franzoesische Verteidigung (Abtauschvariante)} 1... e6 2. d4 d5 3.
exd5 exd5 4. Bd3 c5 5. dxc5 Bxc5 6. c3 {letzter Buchzug} 6... Nf6 7. Bf4 (7.
Nf3 Qe7+ 8. Qe2 Qxe2+ 9. Bxe2 9... O-O $11) 7... O-O 8. Ne2 (8. b4 Re8+ 9. Ne2
9... Bb6 $15) 8... Qb6 $15 9. O-O Qxb2 10. Nd2 Qb6 (10... Re8 11. Nb3 Bg4 12.
Nxc5 Bxe2 13. Bxe2 Rxe2 14. Nxb7 $15) 11. Nb3 Bd6 12. Bg5 (12. Nbd4 Bxf4 13.
Nxf4 13... Nc6 $15) 12... Ne4 13. Be3 Qc7 14. Rc1 (14. Ng3 $5 $17) 14... Bxh2+
$19 15. Kh1 Bd6 16. c4 Qe7 17. g3 (17. Kg1 $142 17... Be6 18. cxd5 Bxd5 19. Nf4
Bxf4 20. Bxf4 $19) 17... Bg4 18. Kg2 Nxg3 19. Qc2 (19. Rg1 $19) 19... Nxf1 20.
Bxh7+ Kh8 21. Rxf1 (21. Kxf1 dxc4 22. Nbd4 g6 23. Bxg6 23... fxg6 $19) 21...
Qh4 22. Bf4 (22. Rh1 22... Bf3+ $1 23. Kxf3 Qxh1+ 24. Kg4 $19) 22... Qh3+ 23.
Kg1 Bf3 (23... Bf3 24. Bxd6 Qg2#) 0-1

[Event "Bad Woerishofen op"]
[Site "Bad Woerishofen"]
[Date "2001.??.??"]
[Round "7"]
[White "Woerl, Richard"]
[Black "Pruess, Martin"]
[Result "1-0"]
[WhiteElo "2088"]
[BlackElo "1840"]
[Annotator "ChessOrg"]
[PlyCount "81"]
[EventDate "1998.03.05"]
[Source "ChessBase"]
[SourceDate "1998.04.29"]

1. e4 {B06: Moderne Verteidigung} 1... g6 2. d4 c6 3. Bd3 Bg7 4. c3 d5 5. exd5
{letzter Buchzug} 5... cxd5 6. Be3 h5 7. Nd2 Nc6 8. f4 Nh6 9. h3 Bf5 10. Qe2 (
10. Bb5 10... Qc7 $11) 10... Bxd3 $15 11. Qxd3 Nf5 12. Bf2 Qc7 13. g3 e6 14.
Ngf3 h4 15. g4 Ng3 16. Bxg3 hxg3 17. Ne5 g2 (17... Bxe5 $143 18. fxe5 (18. dxe5
$143 18... g2 19. Rg1 19... g5 $15) 18... Qb6 19. O-O-O $14) 18. Rg1 O-O-O (
18... g5 $5 $11) 19. Rxg2 $14 19... Rh7 20. Nxc6 bxc6 (20... Qxc6 21. Re2 $14)
21. Qe3 $16 21... Rdh8 22. Rg3 Bh6 23. Rf3 Bf8 24. b4 Bd6 25. Nb3 Rh4 26. O-O-O
R8h6 27. Kb2 Kb8 28. Rg1 Qc8 29. Nc5 Qh8 30. g5 R6h5 31. Nd7+ Ka8 32. Nf6 Rxh3
33. Nxh5 Rh2+ 34. Kb3 Qxh5 (34... Rxh5 35. Kb2 $16) 35. Rgg3 Qh4 36. Rh3 Rxh3
37. Rxh3 Qxf4 (37... Qg4 38. Rh8+ Kb7 39. Rh7 $18) 38. Qxf4 Bxf4 39. Rh7 Bxg5
40. Rxf7 Be3 41. Rc7 (41. Rc7 g5 42. Rxc6 $18) 1-0

[Event "Bad Woerishofen op"]
[Site "Bad Woerishofen"]
[Date "2001.??.??"]
[Round "9"]
[White "Woerl, Richard"]
[Black "Specht, Helmut"]
[Result "1-0"]
[WhiteElo "2088"]
[BlackElo "1831"]
[Annotator "ChessOrg"]
[PlyCount "91"]
[EventDate "1998.03.05"]
[Source "ChessBase"]
[SourceDate "1998.04.29"]

1. e4 {B01: Skandinavische Verteidigung} 1... d5 2. exd5 Qxd5 3. d4 c6 4. Nf3
Nf6 5. Be2 5... Bf5 {letzter Buchzug} 6. O-O e6 7. Bf4 Qd8 8. c4 Nbd7 9. Nc3
Nb6 10. Qb3 Qc8 11. Nh4 Bg6 12. Rfe1 Be7 13. d5 (13. Nf3 13... Bh5 $11) 13...
exd5 (13... cxd5 14. cxd5 Nfxd5 15. Nxd5 Nxd5 16. Nxg6 hxg6 17. Bf3 Nxf4 18.
Bxb7 $11) 14. Bd6 $14 14... Ne4 $2 (14... Bxd6 15. Bg4+ $18) 15. Bxe7 $18 15...
Kxe7 16. Nxg6+ (16. cxd5 cxd5 17. Nxd5+ Nxd5 18. Qxd5 $18 (18. Nxg6+ $6 18...
hxg6 19. Qxd5 19... f5 $18)) 16... hxg6 $14 17. Bd3 Qc7 18. h3 f5 (18... Kf8 $5
$142 19. Nxe4 dxe4 20. Rxe4 20... Rd8 $14) 19. cxd5 $18 19... cxd5 20. Qxb6 $1
20... axb6 (20... Qxb6 21. Nxd5+ $18) 21. Nxd5+ Kd6 22. Nxc7 Kxc7 23. Bxe4 fxe4
24. Rxe4 Rhe8 25. Rc1+ Kd6 26. Rd4+ Ke6 27. Rc7 Ke5 28. Rd3 Kf6 (28... Rxa2 29.
Rxb7 29... Rc8 $18) 29. Rxb7 Re6 30. a3 g5 31. Rf3+ Kg6 32. Rff7 Rg8 33. Rfd7
Rc6 34. a4 Rf6 35. b4 Re6 36. a5 bxa5 37. bxa5 Kf6 38. Rb6 Rxb6 39. axb6 Ke6
40. Rd3 Rb8 41. Rb3 Rb7 (41... Kd5 42. Kh2 $18) 42. Kh2 Kf6 43. Kg3 Kg6 44. Kg4
Kf6 45. Rb5 g6 46. g3 (46. g3 Ke6 47. Kxg5 $18) 1-0

[Event "Bad Woerishofen op"]
[Site "?"]
[Date "2001.??.??"]
[Round "1"]
[White "Zillich, Rainer"]
[Black "Grosser, Walter"]
[Result "0-1"]
[WhiteElo "1476"]
[BlackElo "2098"]
[Annotator "ChessOrg"]
[PlyCount "62"]
[EventDate "2000.??.??"]

1. e4 {B28: Sizilianisch (Fruehes a7-a6)} 1... c5 2. Nf3 a6 3. c4 Nc6 4. d4
cxd4 5. Nxd4 e5 6. Nc2 Nf6 7. Nc3 7... d6 {letzter Buchzug} 8. Bg5 Be7 9. Bxf6
Bxf6 10. Be2 Be6 11. O-O O-O 12. Ne3 Nd4 13. Ned5 Rc8 14. Kh1 Be7 15. f4 f5 16.
exf5 Nxf5 17. Qb3 (17. Bd3 17... Bh4 $14) 17... b5 18. cxb5 (18. Nxe7+ $143
18... Qxe7 (18... Nxe7 $143 19. fxe5 dxe5 20. Qa3 $14) 19. Qa3 19... Ne3 $15)
18... Nd4 19. Qd1 (19. Nxe7+ $143 19... Qxe7 20. Qd1 Nxe2 21. Nxe2 21... axb5
$15) 19... Bxd5 20. Nxd5 axb5 21. Bd3 Bf6 22. Qd2 (22. fxe5 dxe5 23. Nxf6+ gxf6
24. Qg4+ 24... Kh8 $14) 22... Qe8 $11 23. Rae1 Qh5 24. Re3 Qe8 25. Rfe1 Rc5 (
25... Bh4 $5 $142 26. g3 26... Qf7 $11) 26. Nxf6+ $16 26... gxf6 27. fxe5 fxe5
(27... dxe5 28. Rg3+ 28... Kh8 $18) 28. Rg3+ Kh8 29. Qh6 (29. Bxh7 $5 29... Qe6
30. Rh3 Qxh3 31. gxh3 Kxh7 32. Rg1 $18) 29... Qf7 $16 30. Qxd6 $4 (30. h3 e4
31. Bxe4 $18 (31. Rxe4 $143 31... Nf5 32. Qf4 Nxg3+ 33. Qxg3 33... Qf6 $15 (
33... Qxa2 $4 34. Re7 Qg8 35. Qxd6 (35. Rxh7+ $6 35... Qxh7 36. Bxh7 36... Kxh7
$16) 35... Rc1+ 36. Kh2 $18))) 30... Rd5 $17 31. Qh6 31... e4 $1 (31... e4 32.
Qd2 exd3 33. Qxd3 33... b4 $19) 0-1

[Event "Bad Woerishofen op"]
[Site "Bad Woerishofen"]
[Date "2001.??.??"]
[Round "3"]
[White "Zillich, Rainer"]
[Black "Wiesbeck, Florian"]
[Result "0-1"]
[WhiteElo "1476"]
[BlackElo "1815"]
[Annotator "ChessOrg"]
[PlyCount "64"]
[EventDate "1998.03.05"]
[Source "ChessBase"]
[SourceDate "1998.04.29"]

1. e4 {B40: Sizilianisch (Klassisches System mit e7-e6))} 1... c5 2. Nf3 e6 3.
d4 cxd4 4. Nxd4 Qb6 5. Nb3 Qc7 6. g3 Nc6 7. Bg2 7... g6 {letzter Buchzug} 8.
O-O Bg7 9. c3 (9. Na3 9... a6 $14) 9... Nge7 10. Na3 a6 11. Nc4 O-O 12. Bf4 Ne5
13. Nxe5 Bxe5 14. Bxe5 Qxe5 15. Qd2 Rd8 16. Rad1 d6 17. Rfe1 Nc6 18. Re3 Bd7 (
18... Qh5 19. Rd3 $16) 19. Rd3 (19. Qxd6 $2 19... Be8 20. Red3 Rxd6 21. Rxd6
21... Qh5 $19) 19... Be8 20. f4 Qf6 21. Qe3 (21. Rxd6 $2 21... Rxd6 22. Qxd6
22... Rd8 $19) 21... Qe7 22. Nd4 Qc7 23. Nxc6 bxc6 (23... Bxc6 24. Qd2 $14) 24.
c4 Rab8 25. b3 Rd7 26. Qd2 Rbd8 27. Qf2 f5 28. exf5 exf5 29. Re3 Bf7 30. Red3 (
30. Rde1 d5 31. c5 31... d4 $14) 30... d5 31. cxd5 cxd5 32. Qd4 Qd6 (32... Qd6
33. b4 33... Rb7 $14) 0-1

[Event "Bad Woerishofen op"]
[Site "Bad Woerishofen"]
[Date "2001.??.??"]
[Round "5"]
[White "Zillich, Rainer"]
[Black "Schoebel, Klaus"]
[Result "1/2-1/2"]
[WhiteElo "1476"]
[BlackElo "1580"]
[Annotator "ChessOrg"]
[PlyCount "59"]
[EventDate "1998.03.05"]
[Source "ChessBase"]
[SourceDate "1998.04.29"]

1. e4 {C41: Philidor-Verteidigung} 1... e5 2. Nf3 d6 3. d4 exd4 4. Nxd4 Nf6 5.
Nc3 Be7 6. Be2 O-O 7. Bg5 {letzter Buchzug} 7... Nxe4 8. Bxe7 Qxe7 9. Nxe4 Qxe4
10. O-O Qg6 11. Nb5 Na6 12. Qd4 Bd7 13. Bd3 Qh5 (13... Qg4 14. Rfe1 $17) 14.
Nc3 (14. Nxc7 $5 $142 14... Nxc7 15. Qxd6 $14) 14... Bc6 15. Bxa6 bxa6 16. Rfd1
Qg6 17. Nd5 Bxd5 (17... Qxc2 $2 18. Rac1 Qa4 19. Rc4 Qxa2 20. Rxc6 $18) 18.
Qxd5 Qxc2 19. Rac1 Qxb2 20. Rxc7 Qe2 21. Rdc1 Rae8 22. g3 Qb2 23. Qxd6 Qxa2 24.
Rxa7 a5 25. Qc5 a4 26. Rc4 Re1+ (26... Re4 $1 27. Rb4 27... Rfe8 $15) 27. Kg2
$15 27... Qe2 (27... Qb1 $5 $15) 28. Qxf8+ $11 (28. Rcxa4 Qf1+ 29. Kf3 Qh1+ 30.
Kg4 f5+ (30... Qxh2 $6 31. Rxf7 Ree8 32. Rxf8+ Rxf8 33. Ra8 Rxa8 34. Qd5+ Kf8
35. Qxa8+ Ke7 36. Qa7+ Kf6 37. Qb6+ Kf7 38. Qc7+ Kf6 39. Qd6+ Kf7 40. f3 $11)
31. Kh3 Rg1 32. Rxg7+ Kxg7 33. Ra7+ Kg6 34. Ra6+ Kh5 35. Rh6+ Kxh6 36. Qxf8+
Kg6 37. Qg8+ Kf6 38. Qf8+ Ke6 39. Qc8+ Kd6 40. Qf8+ Ke5 41. Qc5+ Ke4 42. Qc2+
Kd4 43. Qd2+ Kc5 44. Qc3+ Kd5 45. Qd2+ Kc6 46. Qc3+ Kd6 47. Qf6+ Kd5 48. Qxf5+
Kd4 49. Qxh7 Qg2+ 50. Kg4 50... Rh1 $19) 28... Kxf8 29. Rc8+ Qe8 30. Rxe8+
1/2-1/2

[Event "Bad Woerishofen op"]
[Site "Bad Woerishofen"]
[Date "2001.??.??"]
[Round "7"]
[White "Zillich, Rainer"]
[Black "Forster, Gabriele"]
[Result "1-0"]
[WhiteElo "1476"]
[BlackElo "1800"]
[Annotator "ChessOrg"]
[PlyCount "63"]
[EventDate "1998.03.05"]
[Source "ChessBase"]
[SourceDate "1998.04.29"]

1. e4 {C62: Spanische Partie (Steinitz-Verteidigung)} 1... e5 2. Nf3 Nc6 3. Bb5
d6 4. d4 Bd7 5. Nc3 Nf6 6. O-O Be7 7. Re1 O-O 8. Bxc6 Bxc6 9. dxe5 dxe5 10.
Qxd8 Raxd8 11. Nxe5 11... Bd6 {letzter Buchzug} 12. Nxc6 Bxh2+ 13. Kxh2 bxc6
14. Bf4 Rd7 15. Rad1 Ng4+ (15... Rfd8 16. f3 $18) 16. Kg1 (16. Kg3 $5 16... Nf6
$18) 16... Re7 17. f3 Nf6 18. Bg5 h6 19. Bxf6 gxf6 20. Rd3 (20. Kf2 Rb8 21. b3
21... Kg7 $18) 20... f5 21. Red1 fxe4 22. Nxe4 f5 23. Nc3 Rfe8 24. Kf2 Kg7 25.
Rd7 Kg6 (25... Kf6 26. b4 $18) 26. Rxe7 Rxe7 27. Ne2 Kg5 28. Nd4 c5 29. Ne2 a5
(29... c4 30. f4+ Kh5 31. Kf3 $18) 30. Rd5 Re6 31. Rxc5 Rb6 32. b3 (32. b3 a4
33. bxa4 $18) 1-0

[Event "Bad Woerishofen op"]
[Site "Bad Woerishofen"]
[Date "2001.??.??"]
[Round "9"]
[White "Zillich, Rainer"]
[Black "Mueller, Wolfgang"]
[Result "1-0"]
[WhiteElo "1476"]
[BlackElo "1900"]
[Annotator "ChessOrg"]
[PlyCount "57"]
[EventDate "1998.03.05"]
[Source "ChessBase"]
[SourceDate "1998.04.29"]

1. e4 {B73: Sizilianisch (Drachen-Variante)} 1... c5 2. Nf3 d6 3. d4 cxd4 4.
Nxd4 Nf6 5. Nc3 a6 6. Be2 g6 7. O-O Bg7 8. Be3 O-O 9. Qd2 Nc6 10. Rad1 {
letzter Buchzug} 10... b5 $4 (10... Nxd4 $142 11. Bxd4 11... b6 $14) 11. Nxc6
$18 11... Qd7 (11... Qc7 12. Nb4 $18) 12. Nd4 (12. e5 $5 $142 12... dxe5 13.
Bf3 e4 14. Qxd7 Bxd7 15. Nxe7+ Kh8 16. Nxe4 16... Bg4 $18) 12... Bb7 13. Bf3 b4
14. Nd5 Nxd5 15. exd5 a5 16. Bh6 Qa4 17. Bxg7 Kxg7 18. Ra1 Rac8 (18... Qd7 19.
Rfe1 $18) 19. Rfe1 Rc7 20. h3 h5 (20... Qd7 21. a3 $18) 21. a3 (21. Qg5 Bc8 22.
Rxe7 Rxe7 23. Qxe7 b3 24. Nxb3 24... Qb4 $18) 21... e5 (21... bxa3 22. Rxa3 Qb4
23. c3 $18) 22. dxe6 Bxf3 23. axb4 Qe8 (23... Qxb4 24. c3 (24. Nxf3 $143 24...
Qxd2 25. Nxd2 25... Rxc2 $18) 24... Qb6 25. Nxf3 $18) 24. exf7 Qxf7 25. Nxf3
axb4 (25... Qf4 26. Qxf4 Rxf4 27. bxa5 $18) 26. Ng5 Qxf2+ 27. Qxf2 Rxf2 28.
Kxf2 Rxc2+ (28... Kf6 29. h4 $18) 29. Re2 (29. Re2 Rxe2+ 30. Kxe2 $18) (29. Kg3
$5 $142 29... Kh6 30. h4 30... Rc7 $18) 1-0